Elementary statistics : (Record no. 359276)
[ view plain ]
| 000 -LEADER | |
|---|---|
| fixed length control field | 00424nam a2200133Ia 4500 |
| 008 - FIXED-LENGTH DATA ELEMENTS--GENERAL INFORMATION | |
| fixed length control field | 181022s9999 xx 000 0 und d |
| 020 ## - INTERNATIONAL STANDARD BOOK NUMBER | |
| International Standard Book Number | 9789813150157 |
| 100 ## - MAIN ENTRY--PERSONAL NAME | |
| Personal name | Bluman, Allan G. |
| 245 ## - TITLE STATEMENT | |
| Statement of responsibility, etc | Allan G. Bluman.-- |
| Title | Elementary statistics : |
| Remainder of title | a step by step approach : a brief version / |
| 250 ## - EDITION STATEMENT | |
| Edition statement | 7th ed |
| 260 ## - PUBLICATION, DISTRIBUTION, ETC. (IMPRINT) | |
| Place of publication, distribution, etc | New York : |
| Name of publisher, distributor, etc | McGraw Hill |
| Date of publication, distribution, etc | 2015 |
| 300 ## - PHYSICAL DESCRIPTION | |
| Extent | xxii, 639 pages. |
| Other physical details | illustrations. |
| 650 ## - SUBJECT ADDED ENTRY--TOPICAL TERM | |
| Topical term or geographic name as entry element | Statistics. |
| Withdrawn status | Lost status | Source of classification or shelving scheme | Damaged status | Home library | Current library | Shelving location | Date acquired | Source of acquisition | Total Checkouts | Full call number | Barcode | Date last seen | Price effective from | Koha item type |
|---|---|---|---|---|---|---|---|---|---|---|---|---|---|---|
| Library of Congress Classification | South SEED-LPDH College Library | South SEED-LPDH College Library | 10/22/2018 | Library Fund | QA 276.12 .B65 2015 | SSLC1839 | 10/22/2018 | 10/22/2018 | Books |